[Event "BRA CEAX op 2nd "]
[Site "Brazil"]
[Date "2003.07.05"]
[Round "3"]
[White "Reis, Cesar Roberto da Si"]
[Black "Nunes, Jose BL"]
[Result "1-0"]
[WhiteElo "1912"]
[BlackElo "1815"]
[PlyCount "69"]
[EventDate "2003.07.??"]
[EventType "swiss"]
[EventRounds "6"]
[EventCountry "BRA"]
[SourceTitle "EXT 2006"]
[Source "ChessBase"]
[SourceDate "2005.11.24"]
[SourceVersion "1"]
[SourceVersionDate "2005.11.24"]
[SourceQuality "1"]

1. d4 d6 2. c4 g6 3. Nc3 Bg7 4. e4 Nd7 5. f4 e5 6. fxe5 dxe5 7. d5 Ngf6 8. Nf3 0-0 9. Qc2 a6 10. Be2 Ne8 11. Bg5 f6 12. Be3 b6 13. 0-0 Nd6 14. b4 f5 15. Bd3 Bb7 16. Rad1 c5 17. dxc6 Bxc6 18. c5 bxc5 19. bxc5 Nb5 20. Nxb5 axb5 21. Qb3+ Kh8 22. Bxb5 Qc7 23. Ng5 Bxb5 24. Qxb5 Ra7 25. Ne6 Qb8 26. Qxb8 Rxb8 27. c6 Nb6 28. c7 Rxc7 29. Nxc7 Nc4 30. Bg5 h6 31. Rd8+ Rxd8 32. Bxd8 Nd2 33. Re1 Nxe4 34. Ne6 Nc3 35. Nxg7 1-0

[Event "BRA CEAX op 2nd "]
[Site "Brazil"]
[Date "2003.07.04"]
[Round "1"]
[White "Cantarino Neto, Mario Ribeiro"]
[Black "Nunes, Jose BL"]
[Result "1-0"]
[WhiteElo "2262"]
[BlackElo "1815"]
[PlyCount "57"]
[EventDate "2003.07.??"]
[EventType "swiss"]
[EventRounds "6"]
[EventCountry "BRA"]
[SourceTitle "EXT 2006"]
[Source "ChessBase"]
[SourceDate "2005.11.24"]
[SourceVersion "1"]
[SourceVersionDate "2005.11.24"]
[SourceQuality "1"]

1. d4 d6 2. e4 g6 3. Nc3 Bg7 4. Nf3 Nd7 5. Be2 c6 6. 0-0 b5 7. a3 Bb7 8. Re1 a6 9. Bf1 Ngf6 10. h3 0-0 11. Bf4 c5 12. d5 Nb6 13. Qd2 Nc4 14. Bxc4 bxc4 15. Qe2 a5 16. Rad1 Nd7 17. e5 Nb6 18. exd6 exd6 19. Nb5 Ba6 20. Nxd6 c3 21. Qe3 cxb2 22. Ng5 b1Q 23. Rxb1 Nxd5 24. Qf3 Qf6 25. Qxd5 Qxf4 26. Ngxf7 Bc4 27. Nh6+ Kh8 28. Ndf7+ Rxf7 29. Nxf7+ 1-0